Projects in linguistics and language studies : (رقم التسجيلة. 39835)

تفاصيل مارك
000 -الفاتح
حقل البيانات ثابتة الطول 03375cam a2200385 a 4500
001 - رقم الضبط
رقم الضبط 17692449
003 - محدد رقم الضبط
رقم الضبط OSt
005 - وقت وتاريخ اخر تعامل مع التسجيلة
رقم الضبط 20161127092359.0
008 - عناصر البيانات ثابتة الطول - معلومات عامة
حقل البيانات ثابتة الطول 130410s2012 enk b 001 0 eng d
010 ## - رقم ضبط مكتبة الكونجرس
رقم ضبط مكتبة الكونجرس 2012454744
015 ## - رقم الببليوجرافية الوطنية
رقم الببليوجرافية الوطنية GBB1D1881
المصدر bnb
016 7# - رقم ضبط الوكاله الوطنية للضبط الببليوجرافي
رقم ضبط التسجيلة 015969820
المصدر Uk
020 ## - الرقم الدولى المعيارى للكتب
الرقم الدولى المعيارى للكتاب 9781444145366
020 ## - الرقم الدولى المعيارى للكتب
الرقم الدولى المعيارى للكتاب 1444145363 (pbk.)
035 ## - رقم ضبط النظام
رقم ضبط النظام (OCoLC)ocn761380973
040 ## - مصدر الفهرسة
وكالة الفهرسة الأصلية UKMGB
لغة الفهرسة eng
وكالة النسخ UKMGB
وكالة التعديل YDXCP
-- BWK
-- CLU
-- TXH
-- BWX
-- NOW
-- MYG
-- A7U
-- OCLCO
-- OCLCQ
-- DLC
042 ## - رمز التحقق
رمز التحقق lccopycat
050 00 - رقم طلب مكتبة الكونجرس
رقم التصنيف P126
رقم المادة .W73 2012
082 04 - رقم تصنيف ديوى العشرى
رقم التصنيف 410.72
رقم الطبعة 23
رقم المادة WAP
100 1# - المدخل الرئيسى - إسم شخصى
الإسم الشخصى Wray, Alison.
9 (RLIN) 56775
245 10 - بيان العنوان
العنوان Projects in linguistics and language studies :
بقية العنوان a practical guide to researching language /
بيان المسئوليه,etc Alison Wray and Aileen Bloomer.
250 ## - بيان الطبعة
بيان الطبعة 3rd ed.
260 ## - PUBLICATION, DISTRIBUTION, ETC. (IMPRINT)
مكان الناشر او الموزع London :
اسم الناشر او الموزع Hodder Education,
تاريخ النشر أو التوزيع 2012.
300 ## - الوصف المادى
التعداد x, 315 p. ;
أبعاد الوعاء 25 cm.
500 ## - تبصرة عامة
تبصرة عامة Previous ed.: published as Projects in linguistics. 2006.
504 ## - تبصرة ببليوجرافية
تبصرة ببليوجرافية,الخ Includes bibliographical references (p. [277]-299) and index.
505 0# - تبصرة محتويات-الفهرس
تبصرة المحتويات المصاغة Introduction: starting on the right foot -- Psycholinguistics -- First-language acquisition and development -- Second-language acquisition -- Structure and meaning -- Style in spoken and written texts -- Sociolinguistics -- Language and gender -- Accents and dialects of English -- History of English -- Computer-mediated communication -- Audio- and video-recorded data -- Experiments -- Questionnaires, interviews, and focus groups -- Observation and case studies -- Ethical considerations in research projects -- Transcribing speech phonetically and phonemically -- Transcribing speech orthographically -- Using computers to study texts -- Statistics and your project -- How to reference -- Plagiarism and how to avoid it -- Handy hints on writing good academic English -- Hints on giving a good oral presentation.
520 ## - التبصرة الخاصة بالتعليق أو التلخيص
ملخص,الخ Projects in Linguistics and Language Studies, Third Edition, is your essential guide when embarking on a research project in linguistics or English language. This third edition is clearly divided into the subject areas that most appeal to you as a student: psycholinguistics; first- and second-language acquisition; structure and meaning; sociolinguistics; language and gender; accents and dialects; and the history of English. New to this edition is a chapter on computer-mediated communication (CMC), to help you get to grips with how the latest technology can make your project even more of a success. This third edition of Projects in Linguistics and Language Studies offers you practical advice on: Identifying a topic ; Making your background reading even more effective -planning and designing a project ; Collecting and analysing data ; Writing up and presenting your findings. With over 320 project ideas that you can use directly or adapt to suit different contexts and interests, and with chapters on how to reference effectively and how to avoid plagiarism, this third edition of Projects in Linguistics and Language Studies is a reference guide that you will use again and again during your studies.
650 #0 - المدخل الاضافى بالموضوع-مصطلح موضوعى
مصطلح موضوعي أو اسم جغرافي كعنصر مدخل Linguistics
التقسيم الفرعي العام Research
-- Methodology.
9 (RLIN) 56776
700 1# - المدخل الاضافى - اسم شخصى
الإسم الشخصى Bloomer, Aileen,
التواريخ المصاحبة للاسم 1947-
9 (RLIN) 56777
700 1# - المدخل الاضافى - اسم شخصى
الإسم الشخصى Wray, Alison.
عنوان العمل Projects in linguistics.
9 (RLIN) 56778
906 ## - عنصر بيانات محلى F, LDF (RLIN)
a 7
b cbc
c copycat
d 2
e ncip
f 20
g y-gencatlg
942 ## - عناصر المدخل الإضافي( كوها)
مصدر التصنيف او مخطط الترفيف Dewey Decimal Classification
Koha [default] item type كتاب
المقتنيات
حالة الفقد نموذج السعر الفعال حالة تلف ليس للاعارة رقم الطلب تاريخ الاكتساب الموقع الحالي الباركود الفرع الرئيسي Date last seen نوع المادة فى نظام كوها مصدر التصنيف او خطة الترفيف Total Checkouts
  2016-12-15     410.72 WAP 2016-12-15 المكتبة المركزية بالمجمعة (CL) 00655125 المكتبة المركزية بالمجمعة (CL) 2016-12-15 كتاب Dewey Decimal Classification  
  2016-12-15     410.72 WAP 2016-12-15 المكتبة المركزية بالمجمعة (CL) 00655126 المكتبة المركزية بالمجمعة (CL) 2016-12-15 كتاب Dewey Decimal Classification  
  2016-12-15     410.72 WAP 2016-12-15 مكتبة كلية العلوم و الدراسات الإنسانية برماح - طالبات (SRF) 00655124 مكتبة كلية العلوم و الدراسات الإنسانية برماح - طالبات (SRF) 2016-12-15 كتاب Dewey Decimal Classification  
  2016-12-20     410.72 WAP 2016-12-20 مكتبة مجمع الكليات بالزلفى - طلاب (SZM) 00655748 مكتبة مجمع الكليات بالزلفى - طلاب (SZM) 2016-12-20 كتاب Dewey Decimal Classification  
  2016-12-20     410.72 WAP 2016-12-20 مكتبة مجمع الكليات بالزلفى - طلاب (SZM) 00655749 مكتبة مجمع الكليات بالزلفى - طلاب (SZM) 2016-12-20 كتاب Dewey Decimal Classification